00487nam a2200181 a 4500001001300000003000900013005001700022008004100039020001000080082001800090100002000108245004100128260004100169300000900210500003500219505003200254650001900286nice12345678IN_TiNIC20260116013124.0050524s1996 newa grp 000 0 eng  ac42500a155.2842bMIS aMisra, Rajendra aRorschach Testb Theory and Practice aNew Delhi bSage Publications c1996 a290p aincludes index and biblioraphy2 aAppendix, Index, References aRorschach Test